Globalizing God (Record no. 15769)

MARC details
000 -LEADER
fixed length control field 00565nam a2200217 a 4500
020 ## - INTERNATIONAL STANDARD BOOK NUMBER
ISBN 9788230004739
082 00 - DEWEY DECIMAL CLASSIFICATION NUMBER
Classification number 341.7588
Author Cutter GAL1
100 ## - MAIN ENTRY--AUTHOR NAME
Author name Galtung, Johan
245 ## - TITLE STATEMENT
Title Globalizing God
Sub title Religion, Spirituality and Peace
260 ## - PUBLICATION, DISTRIBUTION, ETC. (IMPRINT)
Place of publication USA
Name of publisher Transcend University Press
Year of publication 2008
300 ## - PHYSICAL DESCRIPTION
Number of Pages 254p
500 ## - GENERAL NOTE
General note includes index and biblioraphy
650 ## - SUBJECT ADDED ENTRY--TOPICAL TERM
Topical Term Globalization
942 ## - ADDED ENTRY ELEMENTS (KOHA)
Koha item type Books
Holdings
Collection code Home library Current library Date acquired Cost, normal purchase price Full call number Accession Number Koha item type
  Henry Martyn Institute Library Henry Martyn Institute Library 04/13/2010 300.00 341.7588 GAL1 023218 Books
                   Copyright © 2026 | Henry Martyn Institute | Hyderabad | TS-500052 | INDIA | Implemented by hmi.edu.in
Hit-Count:

Powered by Koha